MARC

LEADER 00000nam0a2200000 4500
001 352056
005 20231102010449.0
035 |a (RuTPU)RU\TPU\retro\8227 
090 |a 352056 
100 |a 20191114d1917 k y0rusy50 ca 
101 0 |a rus 
102 |a RU 
105 |a y z 000zy 
200 1 |a Гидрометрическая часть в Туркестанском крае  |e [оттиск статьи]  |f А. Ф. Быков 
210 |a Ташкент  |c Типо-литоргафия В. М. Ильина  |d 1917 
215 |a 20 с. 
225 1 |a Известия Туркестанского Отдела Императорского Русского Географического Общества  |v Т. 13, вып. 1 
300 |a Текст в русской дореформенной орфографии 
320 |a Библиогр. в примеч. 
606 1 |a Гидрометрия  |2 stltpush  |3 (RuTPU)RU\TPU\subj\6764  |9 34568 
610 1 |a коллекция ТПУ 
610 1 |a оттиски 
610 1 |a орошение 
610 1 |a водные богатства 
610 1 |a изучение 
610 1 |a учет 
610 1 |a гидрометрические работы 
610 1 |a метеорологические работы 
610 1 |a химические лаборатории 
610 1 |a механические лаборатории 
610 1 |a гидравлические свойства 
675 |a 556.08  |v 4 
700 1 |a Быков  |b А. Ф. 
801 1 |a RU  |b 63413507  |c 20191114 
801 2 |a RU  |b 63413507  |c 20191114  |g RCR 
942 |c BK